|
|
|
|
| LEADER |
03084nam a2200637 i 4500 |
| 001 |
nkc20243601341 |
| 003 |
CZ PrNK |
| 005 |
20260205143508.0 |
| 007 |
ta |
| 008 |
240412t20242024xr a e 6 000 1 cze |
| 015 |
|
|
|a cnb003601341
|
| 020 |
|
|
|a 978-80-7652-137-7
|q (vázáno)
|
| 035 |
|
|
|a (OCoLC)1455302313
|
| 040 |
|
|
|a ABG001
|b cze
|d ABA001
|e rda
|
| 041 |
1 |
|
|a cze
|h eng
|
| 072 |
|
7 |
|a 741.52
|x Komiksy. Komiksové adaptace
|2 Konspekt
|9 21
|
| 080 |
|
|
|a 741.52(0:82-322.9)
|2 MRF
|
| 080 |
|
|
|a 741.52(0:82-321.3)
|2 MRF
|
| 100 |
1 |
|
|a Eastman, Kevin B.,
|d 1962-
|7 xx0062876
|4 aut
|4 ill
|
| 240 |
1 |
0 |
|a Lost years.
|l Česky
|
| 245 |
1 |
0 |
|a Želvy ninja.
|p Poslední rónin.
|p Ztracená léta /
|c Eastman, Waltz, Gallant, Bishop, Williams II, Escorzovi, Keaneová, Delgado ; překlad z angličtiny Alexandra Niklíčková
|
| 246 |
3 |
0 |
|a Poslední rónin
|
| 246 |
3 |
0 |
|a Ztracená léta
|
| 250 |
|
|
|a První české vydání
|
| 264 |
|
1 |
|a Praha :
|b Comics Centrum,
|c [2024]
|
| 264 |
|
4 |
|c ©2024
|
| 300 |
|
|
|a 215 nečíslovaných stran :
|b ilustrace (převážně barevné) ;
|c 33 cm
|
| 336 |
|
|
|a text
|b txt
|2 rdacontent
|
| 336 |
|
|
|a statický obraz
|b sti
|2 rdacontent
|
| 337 |
|
|
|a bez média
|b n
|2 rdamedia
|
| 338 |
|
|
|a svazek
|b nc
|2 rdacarrier
|
| 500 |
|
|
|a Scénář: Kevin Eastman, Tom Waltz, kresba: Kevin Eastman, S.L. Gallant, Ben Bishop, Freddie E. Williams II, Esau Escorza, Isaac Escorza, Maria Keaneová, barvy: Luis Antonio Delgado
|
| 500 |
|
|
|a Na obálce uvedeno též původní nakladatelství: Nickelodeon
|
| 520 |
2 |
|
|a Komiksový příběh se známými želvími bojovníky v hlavní roli.
|b Michelangelova pouť za pomstou byla velmi dlouhá a plná nástrah, neboť ho vedla do Japonska a přes celou Asii a Evropu zpět do Států, kde mohl konečně spravedlivě ztrestat vrahy svých nejbližších. Avšak co se s ním dělo během let, kdy vše, co měl, byla touha po pomstě a Třískův deník? Nakladatelská anotace. Kráceno.
|
| 521 |
8 |
|
|a Pro čtenáře od 15 let (kniha obsahuje zobrazení násilí a neslušné výrazy)
|
| 655 |
|
7 |
|a superhrdinské komiksy
|7 fd1057488
|2 czenas
|
| 655 |
|
7 |
|a akční a dobrodružné komiksy
|7 fd1057471
|2 czenas
|
| 655 |
|
9 |
|a superhero comics
|2 eczenas
|
| 655 |
|
9 |
|a action and adventure comics
|2 eczenas
|
| 700 |
1 |
|
|a Waltz, Tom
|7 xx0300467
|4 aut
|
| 700 |
1 |
|
|a Gallant, S. L.
|q (Shannon Londin)
|7 jo20241234692
|4 ill
|
| 700 |
1 |
|
|a Bishop, Ben
|7 xx0300474
|4 ill
|
| 700 |
1 |
|
|a Williams, Freddie E.,
|d 1977-
|7 ola2018977772
|4 ill
|
| 700 |
1 |
|
|a Escorza, Esau
|7 xx0300472
|4 ill
|
| 700 |
1 |
|
|a Escorza, Isaac
|7 xx0300473
|4 ill
|
| 700 |
1 |
|
|a Keane, Maria
|7 jo20241234690
|4 ill
|
| 700 |
1 |
|
|a Delgado, Luis Antonio,
|d 1982-
|7 jo20241234691
|4 clr
|
| 700 |
1 |
|
|a Niklíčková, Alexandra,
|d 1978-
|7 mzk2013751044
|4 trl
|
| 765 |
1 |
|
|t Teenage mutant ninja turtles
|9 Česky
|
| 765 |
1 |
|
|t Last ronin
|9 Česky
|
| 910 |
2 |
|
|a BOA001
|b 4-1528.798
|
| 920 |
|
|
|a 4978462
|z ABG001
|
| 990 |
|
|
|a BK
|
| 995 |
|
|
|a 01
|
| 991 |
|
|
|b 202408
|c NOV
|
| 996 |
6 |
|
|b 2610976388
|c 4-1528.798
|l MZK
|r Sklad / do 1 hodiny
|n 1
|p p.v.
|w 001972512
|u 000010
|a 1
|e BOA001
|j MZK50
|s P
|